| 000 | 00345nam a2200145Ia 4500 | ||
|---|---|---|---|
| 008 | 191201s2008 xx 000 0 und d | ||
| 082 |
_a621.3 _bGUE |
||
| 100 | _aGUPTA,J.B | ||
| 245 | 0 | _aElectronic devices and Circuits | |
| 250 | _aRep | ||
| 260 |
_aN. delhi _bS.K.Kataria _c2008 |
||
| 300 | _a1209 | ||
| 650 | _aB.Tech(ECE) | ||
| 942 |
_2ddc _cBK _01 |
||
| 999 |
_c669 _d669 |
||